Регионална библиотека "Любен Каравелов" - Русе

Манюня пише фантЪстичен роман (Запис номер 332524)

MARC детайли
000 -Лидер
Контролно поле с фиксирана дължина 00871aam a2200241 4500
003 - Код на организацията, давaща контролен номер
Контролно поле BLK
005 - Дата и час на последна редакция
Контролно поле 20250208120649.0
008 - Елементи от данни с фиксирана дължина
fixed length control field 181010b bu ||||| |||| 00| 0 bu d
020 ## - Международен стандартен номер на книга ISBN
Международен стандартен номер на книга ISBN 9786197055597
040 ## - Източник на каталожния запис
Идентификатор на билиотеката - собственик на записа BLK
041 ## - Код за език
Код за езика на текст/звукозапис или на отделно заглавие Български
Код за езика КДБФ Български
080 ## - УДК
Текстов определител УДК Руска литература
УДК код - определител по УДК 821.161.1
УДК определител -31
УДК - код + определител 821.161.1-31
100 ## - Редна дума - Автор
Автор Абгарян, Нарине
Авторска отговорност първи автор
R(LIN) 1299
139 ## - Редно поле
Редна дума Абгарян, Нарине
Авторски знак Аб - А 12
245 ## - Сведения за заглавието
Заглавие Манюня пише фантЪстичен роман
Подзаглавни данни Роман
Редно поле (дума) Нарине Абгарян
260 ## - Област на издателските данни
Име на издателя, разпространителя и проч. Лабиринт
Година на издаване 2019
Място на издаване, разпространение и проч. София
Печатница Симолини 94
Дата на отпечатване 2018
300 ## - Физическа характеристика
Страници 312 с.
Размери/Мащаб 20 см
380 ## - Жанр
Жанр Худож. лит.
700 ## - Други автори (авторска отговорност)
9 (RLIN) 1121
Лично име Масларова, Емилия
Автороска отговорност (Описва отношението между автора и произведението) прев. от рус.
852 ## - Местоположение
Фондова буква Заемна - подръчен фонд
Систематично-азбучна сигнатура П 89-31/А 12
999 ## - СИСТЕМНИ КОНТРОЛНИ НОМЕРА
Koha biblionumber 332524
Koha biblioitemnumber 332524
942 ## - АРТИКУЛИ
Вид на библиотечния материал Книги
Източник на класификационната схема Universal Decimal Classification
Скрит в OPAC Не
Koha issues (borrowed), all copies 53
944 ## - СЪЗДАВАНЕ И РЕДАКЦИЯ на ЗАПИСА
Служител, извършил регистрацията/редакцията 30575
Статус, дата на статуса Мартин Енчев
Наличности
Код за отписване Код за изгубен артикул Източник на класификационната схема Код за повреда Код за отдаване Артикулен № Име на библиотеката - собственик Име на библиотеката, в която се намира в момента Статус (Текущо местоположение) Дата на вписване в системата Местоположение - отдел Цена в лева Систематично азбучна сигнатура Баркод Цена в евро Служебен тип на артикула
  Не е изгубен Universal Decimal Classification Не е повреден заемане за дома 729831 Регионална библиотека "Любен Каравелов" Русе Регионална библиотека "Любен Каравелов" Русе Заемна - подръчен фонд 2019-07-11 Заемна - подръчен фонд 12.67 П 89-31/А 12 120000833676 6.48 Книги
  Не е изгубен Universal Decimal Classification Не е повреден заемане за дома 729832 Регионална библиотека "Любен Каравелов" Русе Регионална библиотека "Любен Каравелов" Русе Заемна - подръчен фонд 2019-07-11 Заемна - подръчен фонд 12.67 П 89-31/А 12 120000833675 6.48 Книги
  Не е изгубен Universal Decimal Classification Не е повреден ползва се в читалня 754520 Регионална библиотека "Любен Каравелов" Русе Регионална библиотека "Любен Каравелов" Русе Хранилище 2020-01-24 Хранилище 16.90 Цб 297692 120000841633 8.64 Книги
Vip Innovations Ltd, Rousse, Bulgaria 2025